Student Workbook for use with Managerial Economics
Na minha lista:
| Autor principal: | |
|---|---|
| Formato: | Livro |
| Idioma: | inglês |
| Publicado em: |
Homewood
IRWIN
1988
|
| Edição: | 3. ed. |
| Assuntos: | |
| Tags: |
Sem tags, seja o primeiro a adicionar uma tag!
|
MARC
| LEADER | 00000nam a2200000 4500 | ||
|---|---|---|---|
| 001 | c010791 | ||
| 005 | 20221206134912.9 | ||
| 020 | |a 0-256-06532-2 | ||
| 041 | 0 | |a eng | |
| 044 | |a US | ||
| 245 | 1 | 0 | |a Student Workbook for use with Managerial Economics |c Christopher R. Thomas |
| 250 | |a 3. ed. | ||
| 264 | 1 | |a Homewood |b IRWIN |c 1988 | |
| 300 | |a 237 s. | ||
| 610 | 2 | 0 | |a manažment |
| 610 | 2 | 0 | |a správanie |
| 610 | 2 | 0 | |a teórie ekonomické |
| 610 | 2 | 0 | |a dopyt |
| 610 | 2 | 0 | |a teória výroby |
| 610 | 2 | 0 | |a náklady |
| 610 | 2 | 0 | |a funkcie nákladové |
| 610 | 2 | 0 | |a monopoly |
| 610 | 2 | 0 | |a investície |
| 610 | 2 | 0 | |a rozhodovanie |
| 100 | 1 | |a Thomas, Christopher R. | |